Vai trò giáo dục của âm nhạc

Gardado en:
Detalles Bibliográficos
Autor Principal: A Sokhor
Formato: Libro
Idioma:Undetermined
Publicado: Hà nội Văn hóa 1978
Những chủ đề:
Các nhãn: Engadir etiqueta
Sen Etiquetas, Sexa o primeiro en etiquetar este rexistro!
Thư viện lưu trữ: Trung tâm Học liệu Trường Đại học Cần Thơ
LEADER 00481nam a2200181Ia 4500
001 CTU_9707
008 210402s9999 xx 000 0 und d
082 |a 780.1 
082 |b S683 
100 |a A Sokhor 
245 0 |a Vai trò giáo dục của âm nhạc 
245 2 |c A Sokhor, Vũ Tự Lân 
260 |a Hà nội 
260 |b Văn hóa 
260 |c 1978 
650 |a music 
904 |i Minh, 961001 
980 |a Trung tâm Học liệu Trường Đại học Cần Thơ